000 00313 a2200157 4500
001 171024
020 _a
040 _cMagnum
100 _aPenteado, Maria Heloísa
240 1 0 _aCinderela
_lpor
245 1 0 _aCinderela
362 0 _a1899
440 1 _aÁtica
697 _aIJ/FADAS, FANTASIA
942 _cBK
999 _c171024
_d171024